Video Games by Year: 2018 - Statistics

General Stats
  • This quiz has been taken 234 times
  • The average score is 8 of 16
Answer Stats
Picture Answer % Correct
Spider-Man
99%
God of War
96%
Red Dead Redemption 2
92%
Far Cry 5
83%
Hitman 2
83%
Fallout 76
62%
Celeste
44%
Battlefield V
38%
Vampyr
33%
Dead Cells
31%
Frostpunk
31%
Kingdom Come: Deliverance
31%
Gris
17%
Conan Exiles
16%
Ni no Kuni II: Revenant Kingdom
11%
Dusk
4%
No matching quizzes found
Score Distribution
Percent of People with Each Score
Percentile by Number Answered
Your Score History
You have not taken this quiz